| Tag |
First Indicator |
Second Indicator |
Subfields |
| LEADER |
00000cam a2200000Mi 4500 |
| 001 |
in00004635188 |
| 006 |
m o d |
| 007 |
cr ||||||||||| |
| 008 |
180217s2012 xx o 000 0 por d |
| 005 |
20230103223417.9 |
| 035 |
|
|
|a (OCoLC)on1023536131
|
| 040 |
|
|
|a YDX
|b eng
|e pn
|c YDX
|d JSTOR
|d OCLCF
|d OCLCQ
|d OCLCA
|d VT2
|d K6U
|d OCLCO
|
| 019 |
|
|
|a 1023591887
|
| 020 |
|
|
|a 8575415395
|q (electronic bk.)
|
| 020 |
|
|
|a 9788575415399
|q (electronic bk.)
|
| 035 |
|
|
|a (OCoLC)1023536131
|z (OCoLC)1023591887
|
| 037 |
|
|
|a 22573/ctt1zzc0jp
|b JSTOR
|
| 043 |
|
|
|a s-bl---
|
| 050 |
|
4 |
|a RC564.67.B6
|b A43 2012eb
|
| 082 |
0 |
4 |
|a 362.290981
|2 23
|
| 049 |
|
|
|a TXAM
|
| 245 |
0 |
0 |
|a Álcool e outras drogas :
|b diálogos sobre um mal-estar contemporâneo /
|c Sergio Alarcon, Marco Aurélio Soares Jorge, organizadores.
|
| 260 |
|
|
|a [Place of publication not identified] :
|b SCIELO EDITORA FIOCRUZ,
|c 2012.
|
| 300 |
|
|
|a 1 online resource
|
| 336 |
|
|
|a text
|b txt
|2 rdacontent
|
| 337 |
|
|
|a computer
|b c
|2 rdamedia
|
| 338 |
|
|
|a online resource
|b cr
|2 rdacarrier
|
| 520 |
8 |
|
|a Annotation
|b Psicólogos, enfermeiros, assistentes sociais, médicos, terapeutas ocupacionais, nutricionistas: ao todo, 28 autores com variados perfis e experiências produziram os 16 capítulos deste livro, cujas análises, muitas vezes, põem em xeque o senso comum. "Senso comum que insiste em tingir com alarmismo apocalíptico as drogas, investindo-as de um caráter metafísico maléfico que estão longe de possuir", escreve o médico psiquiatra e doutor em saúde pública Sergio Alarcon, organizador da coletânea juntamente com o também médico psiquiatra e doutor em saúde pública Marco Aurélio Soares Jorge. O livro é resultado do Curso de Atualização para a Atenção ao Uso Abusivo de Álcool e Outras Drogas, oferecido anualmente pela Escola Politécnica da Fiocruz. Contudo, a obra se dirige não só aos trabalhadores da saúde e da saúde mental, mas a qualquer pessoa interessada pelo assunto: afinal, as drogas, por seu crescente consumo e pelas tentativas frustradas de combatê-lo, ocupam hoje o centro das preocupações da sociedade.
|
| 650 |
|
0 |
|a Substance abuse
|x Social aspects
|z Brazil.
|
| 650 |
|
0 |
|a Drug-alcohol interactions
|z Brazil.
|
| 650 |
|
0 |
|a Alcohol
|x Physiological effect.
|
| 650 |
|
0 |
|a Drug abuse
|x Social aspects
|z Brazil.
|
| 650 |
|
0 |
|a Drug abuse
|z Brazil
|x Prevention.
|
| 650 |
|
0 |
|a Drug abuse
|x Government policy
|z Brazil.
|
| 650 |
|
0 |
|a Medical policy
|z Brazil.
|
| 650 |
|
6 |
|a Polytoxicomanie
|x Aspect social
|z Brésil.
|
| 650 |
|
6 |
|a Interactions médicaments-alcool
|z Brésil.
|
| 650 |
|
6 |
|a Alcool
|x Effets physiologiques.
|
| 650 |
|
6 |
|a Toxicomanie
|x Aspect social
|z Brésil.
|
| 650 |
|
6 |
|a Toxicomanie
|z Brésil
|x Prévention.
|
| 650 |
|
6 |
|a Toxicomanie
|x Politique gouvernementale
|z Brésil.
|
| 650 |
|
6 |
|a Politique sanitaire
|z Brésil.
|
| 650 |
|
7 |
|a Alcohol
|x Physiological effect.
|2 fast
|0 (OCoLC)fst00804281
|
| 650 |
|
7 |
|a Drug abuse
|x Government policy.
|2 fast
|0 (OCoLC)fst00898497
|
| 650 |
|
7 |
|a Drug abuse
|x Prevention.
|2 fast
|0 (OCoLC)fst00898521
|
| 650 |
|
7 |
|a Drug abuse
|x Social aspects.
|2 fast
|0 (OCoLC)fst00898568
|
| 650 |
|
7 |
|a Drug-alcohol interactions.
|2 fast
|0 (OCoLC)fst00898753
|
| 650 |
|
7 |
|a Medical policy.
|2 fast
|0 (OCoLC)fst01014505
|
| 650 |
|
7 |
|a Substance abuse
|x Social aspects.
|2 fast
|0 (OCoLC)fst01136818
|
| 651 |
|
7 |
|a Brazil.
|2 fast
|0 (OCoLC)fst01206830
|
| 655 |
|
7 |
|a Electronic books.
|2 local
|
| 710 |
2 |
|
|a JSTOR (Organization)
|
| 856 |
4 |
0 |
|u https://www.jstor.org/stable/10.747/9788575415399
|z Connect to the full text of this electronic book
|t 0
|
| 955 |
|
|
|a JSTOR Open Access ebooks
|
| 994 |
|
|
|a 92
|b TXA
|
| 999 |
f |
f |
|s 765f56d3-6cc9-46f0-a6a3-8b40084ba621
|i 6ebd36f6-9574-47ea-91a7-b17304d2601b
|t 0
|
| 952 |
f |
f |
|a Texas A&M University
|b College Station
|c Electronic Resources
|d Available Online
|t 0
|e RC564.67.B6 A43 2012eb
|h Library of Congress classification
|
| 998 |
f |
f |
|a RC564.67.B6 A43 2012eb
|t 0
|l Available Online
|